000 00322nam a22001337a 4500
008 170607b xxu||||| |||| 00| 0 eng d
020 _a9780205550579
041 _aeng
080 _23 ED
_a32
100 _a18
101 _aSHP
245 _aPOLITICS CULTURE IN THE DEVELOPMENT WORLD
_cPAYNE.R.J
942 _2udc
_cBK
999 _c16295
_d16295